| 000 | 01038cam a2200289 i 4500 | ||
|---|---|---|---|
| 001 | completebookofna00kinn | ||
| 003 | CaSfIA | ||
| 005 | 20230525155240.0 | ||
| 007 | cr|||| | ||
| 008 | 800423s1979 nyuaf 000 0 eng | ||
| 010 | _a 80107676 | ||
| 040 |
_aDLC _cDLC _dWY@ _dCaSfIA |
||
| 019 | _a6218346 | ||
| 020 |
_a0817424709 : _c$15.95 |
||
| 020 | _a9780817424701 | ||
| 035 |
_a(OCoLC)6305517 _z(OCoLC)6218346 |
||
| 050 | 0 | 0 |
_aTR721 _b.K55 1979 |
| 082 | 4 | _a778.9/3 | |
| 100 | 1 | _aKinne, Russ. | |
| 245 | 1 | 4 |
_aThe complete book of nature photography / _h[electronic resource] _cRuss Kinne ; with an introd. by Roger Tory Peterson. |
| 250 | _aRev. ed. | ||
| 260 |
_aNew York : _bAmphoto, _cc1979. |
||
| 300 |
_a192 p., [4] leaves of plates : _bill. (some col.) ; _c26 cm. |
||
| 650 | 0 | _aNature photography. | |
| 856 | 4 | 1 |
_uhttp://www.archive.org/details/completebookofna00kinn _zFree eBook from the Internet Archive |
| 856 | 4 | 2 |
_uhttp://www.openlibrary.org/books/OL4130474M _zAdditional information and access via Open Library |
| 999 |
_c24120 _d24120 |
||